| 000 | 00494nam a2200157 i 4500 | ||
|---|---|---|---|
| 001 | 153420 | ||
| 003 | ES-MaACL | ||
| 005 | 20230906205221.0 | ||
| 008 | 170822s1797 sp |||| | lat d | ||
| 100 | 1 |
_aCicerón, Marco Tulio. _938748 |
|
| 245 | 1 | 0 |
_aOpera / _cM. Tulii Ciceronis. |
| 260 |
_aMatriti : _bex Regia Typographia, _c1797. |
||
| 300 |
_a13 v. con 14 lám. ; _c22 cm. |
||
| 500 | _aCon retratos de Carlos IV, de Ciceron y de otros. | ||
| 852 |
_aES-MaACL _jR-1154-66 Olim: G-10680-92 |
||
| 999 |
_c153420 _d153420 |
||